|
|
|
|
| LEADER |
00000cam a2200000 a 4500 |
| 001 |
vtls010329071 |
| 003 |
SK-MaSNL |
| 005 |
20260301173417.0 |
| 008 |
240314s2011 xo a a 000 0 slo |
| 015 |
|
|
|a SNBA2012/02-01067
|
| 020 |
|
|
|a 9788080895709
|q (viaz.)
|
| 035 |
|
|
|a 71DB6F99-2AC6-49D0-A005-07F1FD95AF53
|
| 035 |
|
|
|a urn:nbn:sk:snk-amleil
|
| 035 |
|
|
|a urn:nbn:sk:snk-am008yh0
|
| 040 |
|
|
|a SNK
|b slo
|c SNK
|e AACR2
|
| 041 |
0 |
|
|a slo
|
| 044 |
|
|
|a xo
|c SK
|
| 072 |
|
7 |
|a 373.2/.3
|x Predškolská a primárna výchova a vzdelávanie
|2 konspekt
|
| 072 |
|
7 |
|a 0/9-053.2
|x Literatúra pre deti a mládež (náučná)
|2 konspekt
|
| 080 |
|
|
|a 373.2
|2 2001
|
| 080 |
|
|
|a 159.955
|2 2001
|
| 080 |
|
|
|a (0.053.2)
|2 2001
|
| 080 |
|
|
|a (076.1)
|2 2001
|
| 100 |
1 |
|
|a Šplíchal, Antonín,
|d 1947-
|4 aut
|9 86269
|
| 245 |
1 |
0 |
|a Hry a úlohy kým pôjdem do školy
|c [ilustrácie Antonín Šplíchal]
|
| 250 |
|
|
|a 1. vyd.
|
| 260 |
|
|
|a Bratislava
|b Fragment
|c 2011
|
| 300 |
|
|
|a [256] s.
|b ilustr. (čiast. fareb.)
|c 29 cm
|
| 490 |
1 |
|
|a Čítanie pre radosť a poučenie
|
| 500 |
|
|
|a Náz. z obalu
|
| 521 |
1 |
|
|a Pre deti od 5 rokov
|
| 650 |
0 |
7 |
|a predškolská výchova
|2 SNKPH
|9 3959
|
| 650 |
0 |
7 |
|a Preschool education
|2 SNKPHeng
|9 267868
|
| 650 |
0 |
7 |
|a Development of thought
|2 SNKPHeng
|9 312971
|
| 650 |
0 |
7 |
|a rozvoj myslenia
|2 SNKPH
|9 3967
|
| 655 |
|
7 |
|a publikácie pre deti
|2 SNKPH
|9 70148
|
| 655 |
|
7 |
|a Children's literature
|2 SNKPHeng
|9 276039
|
| 655 |
|
7 |
|a Activity books
|2 SNKPHeng
|9 302885
|
| 655 |
|
7 |
|a pracovné zošity
|2 SNKPH
|9 70188
|
| 830 |
|
0 |
|a Čítanie pre radosť a poučenie
|9 323164
|
| 852 |
|
|
|a Štátna vedecká knižnica v Banskej Bystrici
|
| 919 |
|
|
|a 978-80-8089-570-9
|
| 968 |
|
|
|d 37
|
| 999 |
|
|
|c 836588
|d 838518
|
| 952 |
|
|
|a SNK
|b SNK
|y PREZ
|7 0
|p 17A0875993
|o snkSB 82375
|i snk2012/1711
|8 0
|0 0
|1 0
|4 0
|d 2012-01-20
|f 1
|l 0
|r 2025-05-06 00:00:00
|w 2026-02-24
|
| 952 |
|
|
|a SNK
|b SNK
|y VYP
|7 0
|p 17A0875992
|o snkSB 82375 D1
|i snk2012/1712
|8 0
|0 0
|1 0
|4 0
|d 2012-01-20
|l 0
|r 2016-06-30 00:00:00
|w 2026-02-24
|